00473nam a2200157 a 4500008004100000020001500041050001800056100001900074245010300093260002700196300001000223350000900233650001100242650004400253700001800297120416s1982 ||||||||||||||||| || u a915403731X aZ 7164.H8 Sch aChanda, Jairus10aBibliography on human settlements with emphasis on households and residential environment - Zambia aStockholm:bSCBRc1982 a137p. a0.00 aZAMBIA aHUMAN SETTLEMENTS--ZAMBIA--BIBLIOGRAPHY aSchlyter, Ann